<?xml version="1.0" encoding="UTF-8"?>
<record
    xmlns:xsi="http://www.w3.org/2001/XMLSchema-instance"
    xsi:schemaLocation="http://www.loc.gov/MARC21/slim http://www.loc.gov/standards/marcxml/schema/MARC21slim.xsd"
    xmlns="http://www.loc.gov/MARC21/slim">

  <leader>01329nam a22002057a 4500</leader>
  <controlfield tag="005">20220125125017.0</controlfield>
  <controlfield tag="008">220125b           ||||| |||| 00| 0 eng d</controlfield>
  <datafield tag="020" ind1=" " ind2=" ">
    <subfield code="a">9780143442479</subfield>
  </datafield>
  <datafield tag="040" ind1=" " ind2=" ">
    <subfield code="c">AL</subfield>
  </datafield>
  <datafield tag="041" ind1=" " ind2=" ">
    <subfield code="a">eng</subfield>
  </datafield>
  <datafield tag="082" ind1=" " ind2=" ">
    <subfield code="2">23</subfield>
    <subfield code="a">650.1</subfield>
    <subfield code="b">VENC</subfield>
  </datafield>
  <datafield tag="100" ind1=" " ind2=" ">
    <subfield code="a">Chandramouli Venkatesan</subfield>
    <subfield code="9">14706</subfield>
  </datafield>
  <datafield tag="245" ind1=" " ind2=" ">
    <subfield code="a">Catalyst</subfield>
    <subfield code="b">The ultimate strategies on how to win at work and in life</subfield>
  </datafield>
  <datafield tag="260" ind1=" " ind2=" ">
    <subfield code="a">India</subfield>
    <subfield code="b">Penguin Random House</subfield>
    <subfield code="c">2018</subfield>
  </datafield>
  <datafield tag="300" ind1=" " ind2=" ">
    <subfield code="a">xv,189p.</subfield>
    <subfield code="b">PB</subfield>
    <subfield code="c">19.4X12.6cm.</subfield>
  </datafield>
  <datafield tag="365" ind1=" " ind2=" ">
    <subfield code="2">General</subfield>
    <subfield code="a">4477</subfield>
    <subfield code="b">&#x20B9;233.22</subfield>
    <subfield code="c">&#x20B9;</subfield>
    <subfield code="d">&#x20B9;299.00</subfield>
    <subfield code="e">22%</subfield>
    <subfield code="f">18-12-2012</subfield>
  </datafield>
  <datafield tag="520" ind1=" " ind2=" ">
    <subfield code="a">A good job, hard work, IQ, EQ, good communication skills-these are all ingredients for a successful life. The presence of these elements alone, however, does not guarantee success. To convert them into long-term success, you need certain stimuli which precipitate or accelerate your growth. This robustly effective book identifies the various catalysts that you can cultivate and how you can leverage them to propel yourself in your work and life.
Accessible, engaging and easy to follow, and written by someone who has experienced all this in real life and not in theory, Catalyst will arm you with the right tools to succeed at your work place and get the most out of every moment, every day.</subfield>
  </datafield>
  <datafield tag="650" ind1=" " ind2=" ">
    <subfield code="2">Management</subfield>
    <subfield code="a">Business Management</subfield>
    <subfield code="9">14707</subfield>
  </datafield>
  <datafield tag="942" ind1=" " ind2=" ">
    <subfield code="2">ddc</subfield>
    <subfield code="c">BK</subfield>
  </datafield>
  <datafield tag="999" ind1=" " ind2=" ">
    <subfield code="c">221337</subfield>
    <subfield code="d">221337</subfield>
  </datafield>
  <datafield tag="952" ind1=" " ind2=" ">
    <subfield code="0">0</subfield>
    <subfield code="1">0</subfield>
    <subfield code="2">ddc</subfield>
    <subfield code="4">0</subfield>
    <subfield code="7">0</subfield>
    <subfield code="8">GEN</subfield>
    <subfield code="a">SACPG</subfield>
    <subfield code="b">SACPG</subfield>
    <subfield code="d">2021-12-30</subfield>
    <subfield code="e">Biblios Book Point</subfield>
    <subfield code="g">233.22</subfield>
    <subfield code="l">0</subfield>
    <subfield code="o">650.1 VENC</subfield>
    <subfield code="p">PG023527</subfield>
    <subfield code="r">2022-08-24 00:00:00</subfield>
    <subfield code="v">299.00</subfield>
    <subfield code="w">2022-01-25</subfield>
    <subfield code="y">BK</subfield>
  </datafield>
</record>
